00675nam a2200193Ia 4500008004100000020001800041082001700059100003200076245008000108250000700188260005000195300002300245500001900268600001500287650001500302942000700317952014000324999001700464240925s9999 xx 000 0 und d a9789332543195 a658.4053 COV aCorvette, Barbara A. Budjac 0aConflict Management: a practical guide to developing negotiation strategies aNA aUttar Pradesh:bPearson Education Incc,2015. a439p.b0fOriginal aIncludes Index aManagement aManagement cBK 001040708MANaUITUbUITUd2019-01-10eBook World Internationalg800.80l0o658.4053 COVpQ13372r2024-09-25 07:16:50w2024-09-25yBK c15871d15871